| 000 | 01756nam0a2200373 i 4500 | ||
|---|---|---|---|
| 001 | RU\NLR\bibl\1995328 | ||
| 005 | 20260405220809.0 | ||
| 035 | _a(NLR Aleph) 001983762 | ||
| 090 |
_a4127400 _c4127400 |
||
| 100 | _a20130204d2012 u y0rusy50 ca | ||
| 101 | 0 |
_arus _aeng |
|
| 102 | _aRU | ||
| 105 | _aa ||||||||| | ||
| 200 | 1 |
_aРостовская область _dThe Rostov region _f[ред.-сост.: И.Н. Васильева, Н.М. Тормосина _gпер. на англ. яз.: А.В. Кротиков] _zeng |
|
| 210 |
_aРостов-на-Дону _cОмега-Принт _d2012 |
||
| 215 |
_a351 с. _cцв. ил., портр. _d34 |
||
| 300 | _aВ вып.дан. загл.: Ростовская область: 75 лет = The Rostov region: 75 years | ||
| 300 | _aНа коробке загл.: Ростовская область. 75 | ||
| 300 | _aТекст парал. на рус. и англ. яз. | ||
| 309 | _aКн. вложена в коробку | ||
| 510 | 1 |
_aThe Rostov region _zeng |
|
| 517 | 0 | _aРостовская область: 75 лет | |
| 517 | 0 | _aРостовская область. 75 | |
| 517 | 0 | _aThe Rostov region: 75 years | |
| 607 |
_aРостовская область _jФотоальбомы _xИстория _91350082 _3RU\NLR\auth\66249019 |
||
| 607 |
_aРостовская область _jФотоальбомы _xНародное хозяйство _91266816 _3RU\NLR\auth\66520821 |
||
| 686 | _aТ3(2Р-4Р)я6 | ||
| 686 | _aУ03(2Р-4Р)74я6 | ||
| 702 | 1 |
_4220 _8rus _7ca _aВасильева _bИ. Н. _cпопуляризатор, история _3RU\NLR\AUTH\7799192 _982118 |
|
| 801 | 0 |
_aRU _bNLR _c20130204 _gRCR |
|
| 801 | 1 |
_aRU _bNLR _c20130204 |
|
| 942 | _cBOOK | ||
| 980 | _aNBR | ||